| 000 | 00385 a2200133 4500 | ||
|---|---|---|---|
| 003 | Nust | ||
| 005 | 20170207171741.0 | ||
| 040 | _cNust | ||
| 082 | _a799 | ||
| 245 |
_a55-FSc Projects Examined by Board Member,Photographs-2016 _cMCS |
||
| 260 |
_aRawalpindi _bMCS _c17-03-2016 |
||
| 650 | _a55-FSc Projects Examined by Board Member,Photographs-2016 DVD No 26 (Vol-VII) | ||
| 651 | _aSweet Memories-MCS | ||
| 942 | _cBK | ||
| 999 |
_c218662 _d218662 |
||